Statistics for Musicians by Last Name

Click here to take the quiz!

General Stats

  • This quiz has been taken 68,319 times
    (30,279 since last reset)
  • The average score is 17 of 28

Answer Stats

FirstLast% Correct
JustinTimberlake
100%
MickJagger
93%
NickiMinaj
93%
KurtCobain
92%
FreddieMercury
91%
ChristinaAguilera
91%
AvrilLavigne
88%
CelineDion
88%
KellyClarkson
86%
HarryStyles
79%
RickAstley
72%
NicoleScherzinger
59%
TimMcGraw
58%
EllaFitzgerald
56%
AnnieLennox
56%
BlakeShelton
56%
RobertPlant
53%
CarlosSantana
52%
LutherVandross
45%
EddieVedder
44%
PeteWentz
38%
DionneWarwick
36%
ColbieCaillat
30%
JoeSatriani
29%
TomMorello
28%
AlisonKrauss
19%
LenaHorne
17%
BrianLittrell
10%

Score Distribution

Percentile by Number Answered

Percent of People with Each Score

Your Score History

You have not taken this quiz since the last reset